Química general : la naturaleza molecular del cambio y la materia
| Main Author: | |
|---|---|
| Format: | Section = Libro |
| Language: | Undetermined Spanish |
| Published: |
México
McGraw-Hill
2002
|
| Subjects: |
| LEADER | 00587nam a2200217Ia 4500 | ||
|---|---|---|---|
| 008 | 240829s9999 xx 000 0 und d | ||
| 020 | |a 970-10-3528-3 | ||
| 040 | |a BIBLIOTECA-RUSB/ 540 S582 | ||
| 041 | |a spa | ||
| 082 | |a 540 S582 | ||
| 100 | 1 | |a Silberberg, Martin S | |
| 245 | 1 | 0 | |a Química general : la naturaleza molecular del cambio y la materia |
| 260 | |a México |b McGraw-Hill |c 2002 | ||
| 300 | |a 1105 p. :il. | ||
| 650 | 7 | |a QUÍMICA | |
| 650 | 7 | |b ESTEQUIOMETRIA | |
| 650 | 7 | |c REACCIONES QUÍMICA | |
| 650 | 7 | |d ELECTROQUÍMICA | |
| 942 | |c BK |2 ddc | ||
| 991 | |a TEXTO | ||
| 999 | |c 2315 | ||